Portuguese or Spanish? - Statistics

General Stats
  • This quiz has been taken 59 times
  • The average score is 12 of 15
Answer Stats
Question Answer % Correct
Rosa Both
100%
Obrigado Portuguese
100%
Hola Spanish
100%
Casa Both
88%
Chocolate Both
88%
Queijo Portuguese
88%
Ciência Portuguese
88%
Árbol Spanish
88%
Viajar Both
75%
Pájaro Spanish
75%
Portugués Spanish
75%
Alegría Spanish
75%
Sangue Portuguese
63%
Delicioso Both
50%
Cérebro Portuguese
38%
No matching quizzes found
Score Distribution
Percent of People with Each Score
Percentile by Number Answered
Your Score History
You have not taken this quiz